000 00679nam a2200205Ia 4500
005 20241129111306.0
008 241129s9999||||xx |||||||||||||| ||und||
037 _aTB
040 _aCRL
_bpun
_cCRL
041 _apun
_2pun
084 _aO153,6NALx R3
_qCRL
100 _aਅਲੀ, ਅਨਵਰ, ਚ।
245 0 _aਗਵਾਚੀਆਂ ਗੱਲਾਂ
_cਅਲੀ, ਅਨਵਰ, ਚ।
260 _aਅੰਮ੍ਰਿਤਸਰ, ਭਾਰਤ
_bਅੰਮ੍ਰਿਤਸਰ ਸੱਚਲ ਪ੍ਰਕਾਸ਼ਨ
_c2023
300 _a123ਪ੍ਰ0
365 _aINR
_b200
650 _aPunjabi Prose
942 _cTB
_hO153,6NALx R3
999 _c1229781
_d1229781